书目信息 |
| 题名: |
哥伦布、大航海时代与地理大发现
|
|
| 作者: | 阿伯特 著 ;周琴 译 | |
| 分册: | ||
| 出版信息: | 北京 华文出版社 2019.07 |
|
| 页数: | 302页 | |
| 开本: | 25cm | |
| 丛书名: | 华文全球史 | |
| 单 册: | ||
| 中图分类: | K835.465.89 | |
| 科图分类: | ||
| 主题词: | 航海家--hang hai jia--传记--意大利--中世纪 | |
| 电子资源: | ||
| ISBN: | 978-7-5075-5132-7 | |
| 000 | 01201nam 2200277 450 | |
| 001 | 2037156015 | |
| 005 | 20201106101923.23 | |
| 010 | @a978-7-5075-5132-7@b精装@dCNY80.00 | |
| 100 | @a20200102d2019 em y0chiy50 ea | |
| 101 | 1 | @achi@ceng |
| 102 | @aCN@b110000 | |
| 105 | @aa z 000yb | |
| 200 | 1 | @a哥伦布、大航海时代与地理大发现@Age lun bu、da hang hai shi dai yu di li da fa xian@f(美) 约翰·S.C.阿伯特著@g周琴译 |
| 210 | @a北京@c华文出版社@d2019.07 | |
| 215 | @a302页@c图@d25cm | |
| 225 | 2 | @a华文全球史@Ahua wen quan qiu shi@v022 |
| 314 | @a约翰·S.C.阿伯特, 美国著名历史学家, 畅销书作家, 非虚构写作领军人物等。 | |
| 330 | @a本书以哥伦布第一次远航至第四次远航为主线, 讲述了15世纪地理大发现的历史。回答了: 哥伦布远航的历史背景是什么、哥伦布实现远航梦的过程中经历了哪些挫折、卡斯蒂尔女王伊莎贝拉一世为什么决定资助哥伦布远航等问题。 | |
| 410 | 0 | @12001 @a华文全球史@v022 |
| 600 | 1 | @a哥伦布@Age lun bu@g(Columbus, Christopher),@f1451-1506@x传记 |
| 606 | 0 | @a航海家@Ahang hai jia@x传记@y意大利@z中世纪 |
| 690 | @aK835.465.89@v5 | |
| 701 | 1 | @a阿伯特@Aa bo te@b约翰·S. C.@4著 |
| 702 | 0 | @a周琴@Azhou qin@4译 |
| 801 | 0 | @aCN@b人天书店@c20201003 |
| 905 | @aZUCC@dK835.465.89@eA026 | |
| 哥伦布、大航海时代与地理大发现/(美) 约翰·S.C.阿伯特著/周琴译.-北京:华文出版社,2019.07 |
| 302页:图;25cm.-(华文全球史;022) |
| ISBN 978-7-5075-5132-7(精装):CNY80.00 |
| 本书以哥伦布第一次远航至第四次远航为主线, 讲述了15世纪地理大发现的历史。回答了: 哥伦布远航的历史背景是什么、哥伦布实现远航梦的过程中经历了哪些挫折、卡斯蒂尔女王伊莎贝拉一世为什么决定资助哥伦布远航等问题。 |
| ● |
| 相关链接 |
|
|
|
正题名:哥伦布、大航海时代与地理大发现
索取号:K835.465.89/A026
 
预约/预借
| 序号 | 登录号 | 条形码 | 馆藏地/架位号 | 状态 | 备注 |
| 1 | 1481646 | 214816467 | 社科库309/309社科库 101排4列2层/ [索取号:K835.465.89/A026] | 在馆 | |
| 2 | 1481647 | 214816476 | 社科库309/309社科库 101排4列2层/ [索取号:K835.465.89/A026] | 在馆 | |
| 3 | 1481648 | 214816485 | 社科库309/309社科库 101排4列2层/ [索取号:K835.465.89/A026] | 在馆 |